On your marks: 2§ año de educación media
Gespeichert in:
| Hauptverfasser: | , |
|---|---|
| Format: | Buch |
| Sprache: | Englisch |
| Veröffentlicht: |
Santiago
Ediciones Pedagógicas Chilenas
1994
|
| Ausgabe: | 3a. ed |
| Schlagworte: | |
| Tags: |
Tag hinzufügen
Keine Tags, Fügen Sie den ersten Tag hinzu!
|
MARC
| LEADER | 00000nam a2200000 a 4500 | ||
|---|---|---|---|
| 001 | UCH8028 | ||
| 003 | CL-VaPUC | ||
| 008 | 091127e19940000CL |||||||||||||||||eng|d | ||
| 082 | 0 | 4 | |a 428.4 |b NOV |2 21 |
| 100 | |a Novoa Green, Patricio |e autor |9 544440 | ||
| 700 | 0 | |a Zenteno Bustamante, Carlos |e author |9 544415 | |
| 245 | 1 | 0 | |a On your marks: 2§ año de educación media |
| 250 | |a 3a. ed | ||
| 300 | |a 71 p | ||
| 942 | |c BK | ||
| 945 | |d 20091127 00:00:00 |a lazolas | ||
| 260 | |a Santiago |b Ediciones Pedagógicas Chilenas |c 1994 | ||
| 650 | 0 | |a Enseñanza del inglés |9 367340 | |
| 650 | 0 | |a Comprensión de lectura |9 307588 | |
| 999 | |c 338297 |d 338295 | ||
| 583 | |k Rodrigo Vera | ||